[Event "British Universities-ch"]
[Site "Chess.com INT"]
[Date "2022.03.05"]
[Round "8.4"]
[White "Haddad, Karim"]
[Black "Gould, Joshua"]
[Result "1-0"]
[WhiteElo "1286"]
[BlackElo "708"]
[PlyCount "45"]
[EventDate "2022.03.05"]
[EventType "swiss"]
[EventRounds "9"]
[EventCountry "ENG"]
[SourceTitle "EXT 2023"]
[Source "ChessBase"]
[SourceDate "2022.10.05"]
[SourceVersion "1"]
[SourceVersionDate "2022.10.05"]
[SourceQuality "1"]
[WhiteTeam "Heriot Watt"]
[BlackTeam "Exeter III"]
[WhiteTeamCountry "SCO"]
[BlackTeamCountry "ENG"]

1. d4 Nf6 2. Bf4 g6 3. e3 Bg7 4. Nd2 Nc6 5. Ngf3 d5 6. c3 Bg4 7. h3 Bf5 8. g4 Be4 9. Qb3 b6 10. Bb5 Qd7 11. Ne5 Bxh1 12. Nxd7 Kxd7 13. Bxc6+ Kxc6 14. 0-0-0 Bg2 15. Be5 Rhg8 16. f3 Bf8 17. Bxf6 exf6 18. e4 dxe4 19. fxe4 Rd8 20. Qxf7 Bg7 21. h4 Bh3 22. Qe6+ Rd6 23. Qxg8 1-0